<?xml version="1.0" encoding="UTF-8"?>
<record
    xmlns:xsi="http://www.w3.org/2001/XMLSchema-instance"
    xsi:schemaLocation="http://www.loc.gov/MARC21/slim http://www.loc.gov/standards/marcxml/schema/MARC21slim.xsd"
    xmlns="http://www.loc.gov/MARC21/slim">

  <leader>03600nam a22004217a 4500</leader>
  <controlfield tag="005">20151103113904.0</controlfield>
  <controlfield tag="008">151103b        xxu||||| |||| 00| 0 eng d</controlfield>
  <datafield tag="050" ind1="0" ind2="4">
    <subfield code="a">PN4729</subfield>
    <subfield code="b">B37 1997</subfield>
  </datafield>
  <datafield tag="245" ind1="0" ind2="0">
    <subfield code="a">Basic texts 89-97 in communication</subfield>
  </datafield>
  <datafield tag="246" ind1="3" ind2="3">
    <subfield code="a">New Communication Strategy :</subfield>
    <subfield code="b">adopted bythe General Conference : at its twenty-fifth session -1989</subfield>
  </datafield>
  <datafield tag="246" ind1="3" ind2="3">
    <subfield code="a">Declaration of Windhoek :</subfield>
    <subfield code="b">3 May 1991 Endorsed by the General Conference at its twenty-sixth session -1991</subfield>
  </datafield>
  <datafield tag="246" ind1="3" ind2="3">
    <subfield code="a">Declaration of Alma Ata : </subfield>
    <subfield code="b">9 october 1992 Endorsed by the General Conference at its twenty-eighth session - 1995</subfield>
  </datafield>
  <datafield tag="246" ind1="3" ind2="3">
    <subfield code="a">Declaration of Santiago :</subfield>
    <subfield code="b">6 May 1994 Endorsed by the General Conference at its twenty-eighth session - 1995</subfield>
  </datafield>
  <datafield tag="246" ind1="3" ind2="3">
    <subfield code="a">Declaration of Sana&#xB4;a :</subfield>
    <subfield code="b">11 January 1996 Endorsed by the General Conference at its twenty-ninth session - 1997</subfield>
  </datafield>
  <datafield tag="246" ind1="3" ind2="3">
    <subfield code="a">Declaration of Sofia :</subfield>
    <subfield code="b">13 September 1997 Endorsed by the General Conference at its twenty-ninth session - 1997</subfield>
  </datafield>
  <datafield tag="246" ind1="3" ind2="3">
    <subfield code="a">Toronto Platform for Action :</subfield>
    <subfield code="b">3 March 1995 Adopted by the General Conference at its twenty-eigth session - 1995</subfield>
  </datafield>
  <datafield tag="246" ind1="3" ind2="3">
    <subfield code="a">Communication in the Service of Humanity :</subfield>
    <subfield code="b">Medium-Term Plan for 1990-1995, Resolution 104 adopted by the General Conference at its twenty-fifth session - 1989</subfield>
  </datafield>
  <datafield tag="246" ind1="3" ind2="3">
    <subfield code="a">Promotion of Press Freedom in the World :</subfield>
    <subfield code="b">Resolution 4.3 adopted by the General conference at its twenty-sixth session - 1991</subfield>
  </datafield>
  <datafield tag="246" ind1="3" ind2="3">
    <subfield code="a">Women and The Media : </subfield>
    <subfield code="b">Resolution 4.3 adopted by the General Conference at its twenty-seventh session - 1993</subfield>
  </datafield>
  <datafield tag="246" ind1="3" ind2="3">
    <subfield code="a">Role and Functions of Public Service Broadcasting : </subfield>
    <subfield code="b">resolution 4.6 adopted by the General Conference at its twenty-seventh session - 1993</subfield>
  </datafield>
  <datafield tag="246" ind1="3" ind2="3">
    <subfield code="a">Support to Cultural and Educational Activities Undertaken by Public Service Broadcasting, Media Professionals and Journalists to Reduce Violence in the Media : </subfield>
    <subfield code="b">Resolution 4.5 adopted by the General Conference at its twenty-eigth session - 1995</subfield>
  </datafield>
  <datafield tag="246" ind1="3" ind2="3">
    <subfield code="a">Promotion of Independent and Pluralist Media :</subfield>
    <subfield code="b">Resolution 4.6 adopted by the General Conference at its twenty-eigth session - 1995</subfield>
  </datafield>
  <datafield tag="246" ind1="3" ind2="3">
    <subfield code="a">Toronto and Beijing Platforms for Action on Women and the Media :</subfield>
    <subfield code="b">Resolution 4.7 adopted by the General Conference at its twenty-eigth session - 1995</subfield>
  </datafield>
  <datafield tag="246" ind1="3" ind2="3">
    <subfield code="a">New Information and Communication Technologies :</subfield>
    <subfield code="b">Resolution 15 adopted by the General Conference at its twenty-eigth session - 1995</subfield>
  </datafield>
  <datafield tag="246" ind1="3" ind2="3">
    <subfield code="a">Promoting the Free Flow on Information and the Development of Communication :</subfield>
    <subfield code="b">Medium Term Strategy for 1996-2001 adopted by the General Conference at its twenty-eigth session - 1995</subfield>
  </datafield>
  <datafield tag="246" ind1="3" ind2="3">
    <subfield code="a">Contributing to Conflict Prevention and Post-Conflict Peace-Building :</subfield>
    <subfield code="b">Medium Term Strategy for 1996-2001 adopted by the General Conference at its twenty-eighth  session - 1995</subfield>
  </datafield>
  <datafield tag="246" ind1="3" ind2="3">
    <subfield code="a">Regulations for the UNESCO/Guillermo Cano World Press Freedom Prize :</subfield>
    <subfield code="b">Decision 3.4.2 adopted by the Executive Board at its 151st session,1997</subfield>
  </datafield>
  <datafield tag="246" ind1="3" ind2="3">
    <subfield code="a">Communication in the Service of Democracy :</subfield>
    <subfield code="b">Resolution 47 adoptedby the General Conference at its twenty-ninth session - 1997</subfield>
  </datafield>
  <datafield tag="250" ind1=" " ind2=" ">
    <subfield code="a">1a ed.</subfield>
  </datafield>
  <datafield tag="260" ind1=" " ind2=" ">
    <subfield code="b">United Nations Educational, Scientific and Cultural Organization,</subfield>
    <subfield code="c">[1997]</subfield>
  </datafield>
  <datafield tag="300" ind1=" " ind2=" ">
    <subfield code="a">125 p. ;</subfield>
    <subfield code="c">22 cm.</subfield>
  </datafield>
  <datafield tag="611" ind1="2" ind2=" ">
    <subfield code="a">Declarations on Promoting Independent and Pluralistic Media</subfield>
  </datafield>
  <datafield tag="611" ind1="2" ind2=" ">
    <subfield code="a">Toronto Platform for Action</subfield>
  </datafield>
  <datafield tag="611" ind1="2" ind2=" ">
    <subfield code="a">General Conference Resolutions</subfield>
  </datafield>
  <datafield tag="650" ind1=" " ind2="4">
    <subfield code="a">Comunicaci&#xF3;n en periodismo</subfield>
    <subfield code="v">Conferencias</subfield>
  </datafield>
  <datafield tag="710" ind1="2" ind2=" ">
    <subfield code="a">United Nations Educational, Scientific and Cultural Organization</subfield>
  </datafield>
  <datafield tag="942" ind1=" " ind2=" ">
    <subfield code="2">lcc</subfield>
    <subfield code="c">LIB</subfield>
  </datafield>
  <datafield tag="999" ind1=" " ind2=" ">
    <subfield code="c">106811</subfield>
    <subfield code="d">106811</subfield>
  </datafield>
  <datafield tag="952" ind1=" " ind2=" ">
    <subfield code="1">0</subfield>
    <subfield code="2">lcc</subfield>
    <subfield code="4">0</subfield>
    <subfield code="7">0</subfield>
    <subfield code="a">POS-042</subfield>
    <subfield code="b">POS-042</subfield>
    <subfield code="c">CEV</subfield>
    <subfield code="d">2015-11-03</subfield>
    <subfield code="f">1a ed.</subfield>
    <subfield code="i">D</subfield>
    <subfield code="k">CSA</subfield>
    <subfield code="o">PN4729 B37 [1997]</subfield>
    <subfield code="p">BPD000002837</subfield>
    <subfield code="r">2015-11-03 00:00:00</subfield>
    <subfield code="t">1</subfield>
    <subfield code="y">LIB</subfield>
  </datafield>
</record>
